MCSE self-paced training kit (Exam 70-293) : planning and maintaining a Microsoft Windows server 2003 network infrastructure

Αποθηκεύτηκε σε:
Λεπτομέρειες βιβλιογραφικής εγγραφής
Κύριος συγγραφέας: Zacker, Craig
Συγγραφή απο Οργανισμό/Αρχή: Microsoft Corporation
Μορφή: Βιβλίο
Γλώσσα:English
Δημοσίευση: Redmond, Washington : Microsoft Press, c2004
Θέματα:
Ετικέτες: Προσθήκη ετικέτας
Δεν υπάρχουν, Καταχωρήστε ετικέτα πρώτοι!

MARC

LEADER 00000nam a2200000 i 4500
001 1/85973
008 050921s2003 eng d
020 |a 0-7356-1893-3 
035 |l 10080429 
040 |a GR-MY-UA  |b gre  |e aacr 
041 0 |a eng 
082 0 |a 004.6  |2 (22) 
100 1 |a Zacker, Craig. 
245 1 0 |a MCSE self-paced training kit (Exam 70-293) :  |b planning and maintaining a Microsoft Windows server 2003 network infrastructure /  |c Craig Zacker 
246 3 3 |a MCSE self-paced training kit 
246 3 3 |a Windows server 2003 network infrastructure 
246 3 3 |a Planning and maintaining a Microsoft Windows server 2003 network infrastructure 
260 |a Redmond, Washington :   |b Microsoft Press,   |c c2004 
300 |a 1 τ. (ποικίλες σελιδαριθμήσεις);  |b εικ., σχ.;  |c 24 εκ.+  |e 2 οπτικές δισκέτες λέϊζερ 4 3/4 ίν. 
500 |a Τα συνοδευτικά cdrom έχουν τίτλους: MCSE self-paced training kit:Planning and maintaining a Microsoft windows server 2003 network infrastructure και Microsoft windows server 2003 enterprise edition 
500 |a Διατίθενται και συνοδευτικα cdrom του σετ με τίτλους:Microsoft windows server 2003 core requirement και Microsoft windows server 2003 enterprise edition 
504 |a Περιλαμβάνει γλωσσάρι και ευρετήριο 
630 0 0 |a Microsoft Windows server. 
650 0 0 |a Electronic data processing personnel  |x Certification. 
650 0 0 |a Microsoft Software  |x Examinations  |x Study guides. 
650 0 0 |a Computer networks  |x Examinations  |x Study guides. 
710 2 |a Microsoft Corporation. 
774 1 |t MCSE microsoft windows server 2003 core requirements 
774 1 |t Core requirements 
774 1 |t Self-paced training kit 
852 |a INST  |b CHIOS  |e 20060201  |h 004.6 ZAC  |p 005200021725  |q 005200021725  |t BK  |y 0 
852 |a INST  |b CHIOS  |e 20050921  |h 004.6 ZAC  |p 005200021844  |q 005200021844  |t BK  |y 0 
852 |a INST  |b CHIOS  |e 20060126  |h 004.6 ZAC   |p 005200024100  |q 005200024100  |t BK  |y 0 
852 |a INST  |b CHIOS  |e 20060127  |h 004.6 ZAC   |p 005200024101  |q 005200024101  |t BK  |y 0 
901 |a BIBL2-2005-3 
909 |a Χ  |b 113024 
909 |a Χ  |b 108785 
909 |a Χ  |b 102787 
909 |a Χ  |b 118737 
920 |a ΔΙΕΥΡΥΝΣΗ  |b ΕΠΕΑΕΚ-ΤΜΟΔ  |y ΧΙΟΣ  |z 2005-02 
970 |a ΧΑΖΙΡΗ  |b ΑΝΝΑ  |z 2005/11/12